Focus 2003 Careers (Record no. 73434)

MARC details
000 -LEADER
fixed length control field 01532cam a2200217 4500
001 - CONTROL NUMBER
control field ABS67063
008 - FIXED-LENGTH DATA ELEMENTS--GENERAL INFORMATION
fixed length control field 030918n2003 000 0 eng u
035 ## - SYSTEM CONTROL NUMBER
System control number (Sirsi) u123660
100 ## - MAIN ENTRY--PERSONAL NAME
Personal name Osborne, H.
245 ## - TITLE STATEMENT
Title Focus 2003 Careers
260 ## - PUBLICATION, DISTRIBUTION, ETC.
Date of publication, distribution, etc. 2003
490 ## - SERIES STATEMENT
Series statement Estates Gazette
Volume/sequential designation (0339) 13 September 2003, 69-83(7)
520 ## - SUMMARY, ETC.
Summary, etc. Report from a recent "Estates Gazette" forum which discussed attracting and retaining graduates. "How to get the cream of the crop" looks at problems of attracting graduates to the profession, and how it competes against other areas of graduate employment. Examines threats to the profession's autonomy, and methods to widen knowledge of the sector. Discusses the profession in relation to the university sector, and types of graduate who take up surveying. Considers the role of RICS in graduate recruitment. The second article "Keeping cool under the cloud" discusses the effects of company mergers on staff, and offers advice on how to approach the situation from an employees perspective. It also discusses the legal aspects of job transfers. Finally "Make the most of transferable skills" looks at transferable skills and people changing direction within the surveying profession. It is also accompanied by two examples of surveyors who have used their transferable skills to change direction within their career.
590 ## - LOCAL NOTE (RLIN)
Local note ABS
650 ## - SUBJECT ADDED ENTRY--TOPICAL TERM
Topical term or geographic name entry element GRADUATES
650 ## - SUBJECT ADDED ENTRY--TOPICAL TERM
Topical term or geographic name entry element MERGER
650 ## - SUBJECT ADDED ENTRY--TOPICAL TERM
Topical term or geographic name entry element TRANSFERABLE SKILLS
690 ## - LOCAL SUBJECT ADDED ENTRY--TOPICAL TERM (OCLC, RLIN)
Topical term or geographic name as entry element EDUCATION-CAREERS
700 ## - ADDED ENTRY--PERSONAL NAME
Personal name Irvine, R.
942 ## - ADDED ENTRY ELEMENTS (KOHA)
Suppress in OPAC 0
Holdings
Withdrawn status Lost status Source of classification or shelving scheme Damaged status Not for loan Home library Current library Shelving location Date acquired Total Checkouts Full call number Barcode Date last seen Copy number Price effective from Koha item type
    Dewey Decimal Classification     London London Journal article 18/09/2003   ABS67063 123660-1001 06/08/2019 1 06/08/2019 Journal article